000 00509nam a2200181Ia 4500
003 OSt
005 20240315113342.0
008 210210b1996 xxu||||| |||| 00| 0 eng d
040 _cAL
082 _aK894.2 JAYS
100 _aJAYANT KAIKINI ಜಯಂತ್ ಕಾಯ್ಕಿಣಿ.
_9154451
245 _aSevanti prasanga
_bಸೇವಂತಿ ಪ್ರಸಂಗ
260 _aSagara
_bAkshara Prakashana
_c1996
300 _a76
690 _aKannada Drama
_9154452
906 _a051784
942 _2ddc
_cBK
999 _c100477
_d100477